Statistics for M Vocabulary Words Quiz #2

Click here to take the quiz!

General Stats

  • This quiz has been taken 37,172 times
  • The average score is 13 of 22

Answer Stats

DefinitionWord% Correct
Islamic place of worshipMosque
92%
Coffee with added chocolate flavorMocha
84%
Eyepiece for only one eyeMonocle
83%
Person who can dieMortal
83%
Non-doctor who delivers babiesMidwife
80%
Daytime movie showingMatinee
75%
Person who can communicate with spiritsMedium
71%
Japanese comic bookManga
70%
Military rank above captainMajor
65%
Chinese tile gameMahjong
64%
Civilian armyMilitia
61%
Pigment found in skinMelanin
60%
Orchestra conductorMaestro
58%
One who hates womenMisogynist
56%
1/1000th of a millimeterMicron
55%
Feral horse of the American westMustang
54%
Miraculous food that sustained the IsraelitesManna
52%
SoliloquyMonologue
49%
NearsightedMyopic
44%
Double-size wine bottleMagnum
39%
Music genre that originated in 1940's CubaMambo
27%
Idea that propagates in the manner of a geneMeme
15%

Score Distribution

Percentile by Number Answered

Percent of People with Each Score

Your Score History

You have not taken this quiz